[Event "Frankfurt Ch 2009"]
[Site "Ffm-Kalbach, LAZ"]
[Date "2009.05.11"]
[Round "3.55"]
[White "Cipca, Adrian"]
[Black "Kreiling, Carsten"]
[Result "0-1"]
[WhiteElo "1577"]
[BlackElo "2114"]
[PlyCount "48"]
[EventDate "2009.??.??"]
[WhiteTeam "SK Bad Homburg 1927"]
[BlackTeam "SVG Eppstein 1932"]

1. e4 c5 2. Nf3 d6 3. d4 cxd4 4. Nxd4 Nf6 5. Nc3 g6 6. Be3 Bg7 7. f3 O-O 8. Bc4
Nc6 9. Qd2 Bd7 10. O-O-O Qa5 11. g4 Rfc8 12. Bb3 Ne5 13. h4 b5 14. Nd5 Qxd2+
15. Rxd2 Nxd5 16. Bxd5 Rab8 17. h5 a5 18. hxg6 hxg6 19. Bh6 e6 20. g5 exd5 21.
Bxg7 Kxg7 22. exd5 Rh8 23. Rf1 Nc4 24. Rdf2 Ne3 0-1

[Event "Frankfurt Ch 2009"]
[Site "Ffm-Kalbach, LAZ"]
[Date "2009.05.11"]
[Round "3.56"]
[White "Smith-Meyer, Geir"]
[Black "Thomele, Michael"]
[Result "1/2-1/2"]
[WhiteElo "1627"]
[BlackElo "1885"]
[PlyCount "119"]
[EventDate "2009.??.??"]
[WhiteTeam "SC Bad Soden"]
[BlackTeam "SC 1959 Obernau"]

1. d4 e6 2. Bf4 d5 3. Nd2 Nf6 4. Ngf3 c5 5. e3 a6 6. a4 Nc6 7. c3 Nh5 8. Bg5
Be7 9. Bxe7 Qxe7 10. Bd3 f5 11. O-O Nf6 12. Ne5 Bd7 13. Ndf3 O-O 14. Nxc6 Bxc6
15. Ne5 Rac8 16. f4 Be8 17. g4 fxg4 18. Nxg4 Rc7 19. Ne5 Bh5 20. Qe1 Bg4 21.
Qh4 Bf5 22. Bxf5 exf5 23. Rf3 Ne4 24. Qxe7 Rxe7 25. dxc5 Nxc5 26. Rf2 Ne4 27.
Rg2 Nf6 28. Rd1 Rc8 29. Rgd2 g6 30. Kg2 Kg7 31. Kf3 Rc5 32. h3 Ra5 33. Rd4 Rc5
34. Nd3 Rc8 35. Nb4 Rce8 36. R1d3 Re4 37. b3 Rxd4 38. Rxd4 Rc8 39. Nxd5 Ne4 40.
c4 Nc5 41. b4 Nxa4 42. c5 Kh6 43. e4 fxe4+ 44. Rxe4 Rd8 45. Re5 Rd7 46. Ke4 Kg7
47. h4 Kf7 48. h5 Nb2 49. Kd4 Nd1 50. hxg6+ hxg6 51. f5 gxf5 52. Rxf5+ Kg6 53.
Rf6+ Kg7 54. Rd6 Rf7 55. Ke5 Nb2 56. Ke6 Nd3 57. Rd7 Rxd7 58. Kxd7 a5 59. c6
bxc6 60. Kxc6 1/2-1/2

[Event "Frankfurt Ch 2009"]
[Site "Ffm-Kalbach, LAZ"]
[Date "2009.05.11"]
[Round "3.57"]
[White "Neumann, Manfred"]
[Black "Sallwey, Rainer"]
[Result "1-0"]
[WhiteElo "1779"]
[BlackElo "1570"]
[PlyCount "140"]
[EventDate "2009.??.??"]
[WhiteTeam "SC 1961 König Nied"]
[BlackTeam "SK Langen"]

1. Nf3 d5 2. d4 c6 3. e3 Bf5 4. Nbd2 e6 5. b3 Nf6 6. Bb2 Bd6 7. Nh4 Bg4 8. Be2
Bxe2 9. Qxe2 Qa5 10. O-O Ba3 11. Bxa3 Qxa3 12. f4 Qd6 13. c4 O-O 14. Nhf3 Nbd7
15. Ne5 c5 16. Rac1 cxd4 17. exd4 b6 18. Nxd7 Nxd7 19. Nf3 Rac8 20. Ne5 Nf6 21.
Rfd1 Rc7 22. cxd5 Nxd5 23. Qd2 Rfc8 24. Rxc7 Qxc7 25. g3 Qc2 26. Nc4 Qxd2 27.
Rxd2 Kf8 28. Kf2 Ke7 29. Kf3 f5 30. Ke2 g6 31. Kd3 b5 32. Ne5 a6 33. Rb2 Rc7
34. Kd2 b4 35. Nd3 a5 36. Nc5 Kd6 37. Kd3 Nc3 38. Rf2 h6 39. a3 Nd5 40. Re2 Re7
41. axb4 axb4 42. Ra2 Nc3 43. Ra6+ Kd5 44. Ra8 g5 45. Rd8+ Kc6 46. Rh8 gxf4 47.
gxf4 Nd5 48. Kc4 Nxf4 49. Kxb4 Kd5 50. Rd8+ Kc6 51. Kc4 Kc7 52. Rh8 h5 53. b4
Kb6 54. Na4+ Kb7 55. b5 Rc7+ 56. Nc5+ Kb6 57. Rb8+ Ka7 58. Rd8 Re7 59. Rd6 Re8
60. b6+ Kb8 61. Kb5 Nd5 62. Na6+ Kb7 63. Nc5+ Kb8 64. Nxe6 Nc3+ 65. Ka6 Ne4 66.
Rd8+ Rxd8 67. Nxd8 Nd6 68. Nc6+ Kc8 69. d5 h4 70. Ka7 h3 {...} 1-0

[Event "Frankfurt Ch 2009"]
[Site "Ffm-Kalbach, LAZ"]
[Date "2009.05.11"]
[Round "3.58"]
[White "Lopez-Fuertes, Victor"]
[Black "Trumpfheller, Roland"]
[Result "0-1"]
[WhiteElo "1448"]
[BlackElo "1770"]
[PlyCount "68"]
[EventDate "2009.??.??"]
[WhiteTeam "SC 1910 Höchst"]
[BlackTeam "SC 1926 Kahl"]

1. e4 c6 2. d4 d5 3. exd5 cxd5 4. Nc3 Nf6 5. Bb5+ Bd7 6. Bf4 Bxb5 7. Nxb5 Qa5+
8. Nc3 Ne4 9. Qd3 e6 10. Nge2 Bb4 11. O-O Bxc3 12. Nxc3 Nxc3 13. bxc3 Qa6 14.
Rfb1 Qxd3 15. cxd3 b6 16. Bd6 Kd7 17. Bf4 Nc6 18. Re1 Rac8 19. Rac1 a6 20. Be3
b5 21. Rb1 Ne7 22. g4 Rxc3 23. Red1 Rhc8 24. a4 bxa4 25. Ra1 a3 26. Rac1 Rxc1
27. Bxc1 a2 28. Bb2 Rc2 29. Ba1 Nc6 30. Kf1 Na5 31. Ke1 Nb3 32. Rd2 Rxd2 33.
Bc3 Rc2 34. Ba1 Rc1+ 0-1

[Event "Frankfurt Ch 2009"]
[Site "Ffm-Kalbach, LAZ"]
[Date "2009.05.11"]
[Round "3.59"]
[White "Dages, Rolf Hermann"]
[Black "Löhr, Holger"]
[Result "1-0"]
[WhiteElo "1537"]
[BlackElo "1730"]
[PlyCount "43"]
[EventDate "2009.??.??"]
[WhiteTeam "SC Eschborn 1974"]
[BlackTeam "Sfr. Braunfels e.V."]

1. c4 Nf6 2. d4 c5 3. d5 e6 4. Nc3 exd5 5. Nxd5 Nxd5 6. cxd5 d6 7. e4 g6 8. Bd2
Bg7 9. Bc3 O-O 10. Bd3 Re8 11. Ne2 a6 12. a4 b6 13. O-O Nd7 14. Bxg7 Kxg7 15.
f4 Nf6 16. Ng3 Ng4 17. h3 Ne3 18. Qf3 Nxf1 19. Rxf1 Qf6 20. f5 Bd7 21. Qg4 Bxa4
22. Nh5+ 1-0

[Event "Frankfurt Ch 2009"]
[Site "Ffm-Kalbach, LAZ"]
[Date "2009.05.11"]
[Round "3.60"]
[White "Budde, Michael"]
[Black "Honert, Stefan"]
[Result "1-0"]
[WhiteElo "1728"]
[BlackElo "1311"]
[PlyCount "65"]
[EventDate "2009.??.??"]
[WhiteTeam "SC 1979 Hattersheim"]
[BlackTeam "Sfr. Frankfurt 1921"]

1. e4 d5 2. exd5 Nf6 3. d4 Bg4 4. f3 Bf5 5. Bb5+ Nbd7 6. c4 a6 7. Ba4 b5 8.
cxb5 axb5 9. Bxb5 e6 10. dxe6 Bb4+ 11. Bd2 Bxd2+ 12. Nxd2 Bxe6 13. Bc4 Nd5 14.
Bxd5 Bxd5 15. Qe2+ Kf8 16. b3 Qf6 17. Qf2 Nc5 18. Kf1 Nxb3 19. Nxb3 Bxb3 20.
Qb2 Qa6+ 21. Kf2 Bc4 22. Ne2 Re8 23. Rhe1 f6 24. Rac1 c6 25. Qb4+ Re7 26. Qxc4
Qxc4 27. Rxc4 Kf7 28. Rxc6 Ra8 29. Nc3 Rd7 30. d5 Ra5 31. a4 Raa7 32. d6 Rab7
33. Nb5 1-0

[Event "Frankfurt Ch 2009"]
[Site "Ffm-Kalbach, LAZ"]
[Date "2009.05.11"]
[Round "3.61"]
[White "Nagel, Norbert"]
[Black "Lehmann, Gerit"]
[Result "1-0"]
[WhiteElo "1715"]
[BlackElo "1394"]
[PlyCount "85"]
[EventDate "2009.??.??"]
[WhiteTeam "SC Bad Nauheim"]
[BlackTeam "SC 1924 Lampertheim"]

1. g3 d5 2. Nf3 Nf6 3. Bg2 e6 4. b3 Be7 5. Bb2 O-O 6. O-O Nbd7 7. d3 c6 8. c4
b6 9. Nbd2 Bb7 10. Rc1 Rc8 11. Rc2 Rc7 12. Qa1 g6 13. Rfc1 h6 14. Nd4 Nb8 15.
N2f3 Nfd7 16. cxd5 exd5 17. Nb5 Rc8 18. Nxa7 Rc7 19. Nb5 Rc8 20. Nc3 Bf6 21. e3
Ne5 22. Nxe5 Bxe5 23. Ne2 Bxb2 24. Qxb2 f5 25. Nf4 Qf6 26. Qxf6 Rxf6 27. b4 Kg7
28. Nxd5 cxd5 29. Rxc8 Bxc8 30. Rxc8 Na6 31. a3 Rd6 32. d4 Rd7 33. Rc6 Nc7 34.
Rxb6 Ne8 35. Rb5 Nf6 36. a4 Ne4 37. Bxe4 fxe4 38. a5 Rd6 39. Rb6 Rd7 40. a6 Kf7
41. Rb7 Ke7 42. Rxd7+ Kxd7 43. a7 1-0

[Event "Frankfurt Ch 2009"]
[Site "Ffm-Kalbach, LAZ"]
[Date "2009.05.11"]
[Round "3.62"]
[White "Paulicks, Frank"]
[Black "Wolff, Juergen"]
[Result "0-1"]
[WhiteElo "1083"]
[BlackElo "1693"]
[PlyCount "80"]
[EventDate "2009.??.??"]
[WhiteTeam "Sfr.1891 Friedberg"]
[BlackTeam "SC 1933 Somborn"]

1. d4 Nf6 2. Bf4 d5 3. e3 e6 4. Nd2 Be7 5. Bd3 Nbd7 6. Ngf3 O-O 7. Ne5 c5 8. c3
Nxe5 9. dxe5 Nd7 10. h4 Re8 11. Nf3 Nf8 12. Bg5 f6 13. exf6 Bxf6 14. Bxf6 gxf6
15. g4 e5 16. Bb5 Re7 17. g5 f5 18. Qe2 a6 19. Ba4 b5 20. Bc2 e4 21. Nd2 d4 22.
cxd4 cxd4 23. Bb3+ Be6 24. Rd1 d3 25. Qf1 Rc8 26. h5 Rg7 27. f4 Qb6 28. Qh3 Kh8
29. Kf2 Bxb3 30. Nxb3 Rc2+ 31. Rd2 Rxd2+ 32. Nxd2 Qc5 33. Qf1 Rc7 34. Qd1 Ne6
35. Qa1 Kg8 36. h6 Nxf4 37. b4 Qc2 38. Rd1 Nh3+ 39. Ke1 Nxg5 40. Qe5 Nf3+ 0-1

[Event "Frankfurt Ch 2009"]
[Site "Ffm-Kalbach, LAZ"]
[Date "2009.05.11"]
[Round "3.66"]
[White "Scheerer, Michael"]
[Black "Bagatsch, Thomas"]
[Result "0-1"]
[WhiteElo "1427"]
[BlackElo "2123"]
[PlyCount "40"]
[EventDate "2009.??.??"]
[WhiteTeam "Sfr. Frankfurt 1921"]
[BlackTeam "SC Brett vor'm Kopp Ffm"]

1. e4 e5 2. Nf3 Nc6 3. Bc4 Nf6 4. Nc3 Nxe4 5. Nxe4 d5 6. Bd3 f5 7. Bb5 dxe4 8.
Nxe5 Qf6 9. Nxc6 bxc6 10. Bc4 Bd6 11. d3 Be6 12. Bxe6 Qxe6 13. Qe2 O-O 14. dxe4
fxe4 15. Be3 Rab8 16. c3 Rb5 17. b3 Rd5 18. c4 Qe5 19. Rd1 Bb4+ 20. Bd2 Rxd2
0-1

[Event "Frankfurt Ch 2009"]
[Site "Ffm-Kalbach, LAZ"]
[Date "2009.05.11"]
[Round "3.67"]
[White "Barisch, Florian"]
[Black "Witt, Holger"]
[Result "1/2-1/2"]
[WhiteElo "1697"]
[BlackElo "1555"]
[PlyCount "46"]
[EventDate "2009.??.??"]
[WhiteTeam "SV 1934 Ffm-Griesheim"]
[BlackTeam "SC 1934 Viernheim"]

1. d4 e6 2. c4 Nf6 3. Nf3 b6 4. g3 Ba6 5. Qc2 c5 6. Bg2 Bb7 7. dxc5 Bxc5 8. O-O
O-O 9. b3 Be7 10. Nbd2 d6 11. Bb2 Nbd7 12. Rad1 Qc7 13. Qb1 Rfd8 14. Rc1 Rac8
15. Rfe1 Qb8 16. Red1 d5 17. Bf1 Qa8 18. Bg2 Bc5 19. Bd4 Bxd4 20. Nxd4 a6 21.
Rc2 Nc5 22. f3 Qb8 23. Nf1 Rc7 1/2-1/2

[Event "Frankfurt Ch 2009"]
[Site "Ffm-Kalbach, LAZ"]
[Date "2009.05.11"]
[Round "3.68"]
[White "Milde, Dieter"]
[Black "Bauer, Alfred"]
[Result "1-0"]
[WhiteElo "1625"]
[BlackElo "1407"]
[PlyCount "75"]
[EventDate "2009.??.??"]
[WhiteTeam "Bad Vilbeler Sfr.1985"]
[BlackTeam "FB Mörlenbach-Birkenau"]

1. d4 d5 2. Nf3 Nf6 3. e3 e6 4. Nbd2 c5 5. c3 Nc6 6. Bd3 Bd7 7. O-O Be7 8. Re1
Rc8 9. e4 dxe4 10. Nxe4 Nxe4 11. Bxe4 cxd4 12. Nxd4 O-O 13. Nf3 Bf6 14. Be3 b6
15. Qd3 g6 16. Rad1 Be8 17. Qe2 Qc7 18. Bh6 Bg7 19. Qe3 Ne5 20. Bf4 Nxf3+ 21.
Bxf3 Qc4 22. Bd6 Qxa2 23. Bxf8 Kxf8 24. Qd2 Bb5 25. Ra1 Qc4 26. Rxa7 Kg8 27.
Be2 Qc6 28. Bxb5 Qxb5 29. Qd7 Qxd7 30. Rxd7 Bf8 31. Rb7 Bc5 32. Rd1 Ra8 33. b4
Bf8 34. Rxb6 Ra3 35. Rc6 Rb3 36. Kf1 Bg7 37. Rc8+ Bf8 38. Rdd8 1-0

[Event "Frankfurt Ch 2009"]
[Site "Ffm-Kalbach, LAZ"]
[Date "2009.05.11"]
[Round "3.69"]
[White "Krüger, Jens"]
[Black "Kohlmeyer, Klaus"]
[Result "1-0"]
[WhiteElo "1382"]
[BlackElo "1813"]
[PlyCount "61"]
[EventDate "2009.??.??"]
[WhiteTeam "SC Nidderau"]
[BlackTeam "Sfr. Braunfels e.V."]

1. e4 c5 2. Nf3 d6 3. Nc3 Nc6 4. Be2 g6 5. O-O Bg7 6. d3 e6 7. Rb1 Nge7 8. Bf4
a6 9. Qd2 O-O 10. Bh6 Nd4 11. Nxd4 cxd4 12. Bxg7 Kxg7 13. Nd1 Bd7 14. c3 Nc6
15. f4 Rc8 16. Nf2 Qe8 17. Rbe1 e5 18. f5 f6 19. Ng4 g5 20. h4 h6 21. Rf3 Qf7
22. Nxh6 Qxa2 23. hxg5 dxc3 24. gxf6+ Kxf6 25. Ng4+ Ke7 26. Qg5+ Ke8 27. Nf6+
Rxf6 28. Qxf6 cxb2 29. Rh3 Ne7 30. Rh8+ Ng8 31. Bh5+ 1-0

[Event "Frankfurt Ch 2009"]
[Site "Ffm-Kalbach, LAZ"]
[Date "2009.05.11"]
[Round "3.70"]
[White "Popp, Matthias"]
[Black "Neuhaus, Joachim"]
[Result "0-1"]
[WhiteElo "1591"]
[BlackElo "1345"]
[PlyCount "150"]
[EventDate "2009.??.??"]
[WhiteTeam "SC Bergen-Enkheim 1922"]
[BlackTeam "SC 1933 Somborn"]

1. d4 d5 2. Nf3 Nf6 3. Bf4 g6 4. c3 Bg7 5. Nbd2 Nc6 6. Ne5 O-O 7. Ndf3 Nh5 8.
Nxc6 bxc6 9. Bg5 Ba6 10. Qc2 Rb8 11. g3 f6 12. Bc1 Qd6 13. Bg2 e5 14. dxe5 fxe5
15. O-O Nf6 16. b4 e4 17. Nd4 c5 18. bxc5 Qe7 19. a4 Rbe8 20. Ba3 Qd7 21. c6
Qf7 22. h3 e3 23. f3 Nh5 24. Bxf8 Bxd4 25. cxd4 Qxf8 26. g4 Nf4 27. Rfe1 Qh6
28. Kh2 Qh4 29. Qa2 Bc4 30. Qc2 Qf2 31. Rg1 Nxe2 32. Rge1 Rf8 33. Rxe2 Qxe2 34.
Qxe2 Bxe2 35. Re1 Bxf3 36. Rxe3 Bxg2 37. Kxg2 Rf6 38. Rc3 Rf4 39. Rd3 Kf7 40.
Kg3 Re4 41. Rf3+ Ke7 42. Rf4 Re6 43. Kh4 Rxc6 44. Kg5 Rc3 45. h4 Rh3 46. a5 a6
47. h5 gxh5 48. gxh5 Ra3 49. Kh6 Rxa5 50. Kxh7 Ra1 51. h6 Rg1 52. Kh8 a5 53. h7
Rg6 54. Rf3 a4 55. Rh3 Kf7 56. Rc3 c6 57. Ra3 Rd6 58. Rg3 a3 59. Rg7+ Kf6 60.
Rg2 a2 61. Rf2+ Kg6 62. Rg2+ Kf7 63. Rf2+ Rf6 64. Rxf6+ Kxf6 65. Kg8 a1=Q 66.
h8=Q+ Ke6 67. Qe5+ Kd7 68. Qg7+ Kc8 69. Qf8+ Kb7 70. Qf7+ Kb6 71. Qf6 Kb5 72.
Kf7 c5 73. Ke6 Qxd4 74. Qf1+ c4 75. Qb1+ Kc5 0-1

[Event "Frankfurt Ch 2009"]
[Site "Ffm-Kalbach, LAZ"]
[Date "2009.05.11"]
[Round "3.71"]
[White "Stulken, Dietmar"]
[Black "Ebertz, Michael"]
[Result "1/2-1/2"]
[WhiteElo "1329"]
[BlackElo "1587"]
[PlyCount "64"]
[EventDate "2009.??.??"]
[WhiteTeam "SC Brett vor'm Kopp Ffm"]
[BlackTeam "SC 1952 Obertshausen"]

1. e4 c5 2. c3 d5 3. exd5 Qxd5 4. d4 Nf6 5. Nf3 Bg4 6. Be2 cxd4 7. cxd4 Nc6 8.
Nc3 Qa5 9. O-O e6 10. a3 Be7 11. h3 Bh5 12. Be3 O-O 13. Nd2 Bxe2 14. Nxe2 Nd5
15. Nc4 Qc7 16. Rc1 Rad8 17. b4 Nb8 18. Qd2 Nxe3 19. fxe3 Nc6 20. Qc2 Qd7 21.
Qe4 Bg5 22. Rf3 f5 23. Qc2 Qd5 24. Qb2 b5 25. Nc3 Qxc4 26. Ne4 Bxe3+ 27. Rxe3
Qd5 28. Ng5 Qxd4 29. Qxd4 Nxd4 30. Nxe6 Nxe6 31. Rxe6 Rd3 32. Rc7 Rf7 1/2-1/2

[Event "Frankfurt Ch 2009"]
[Site "Ffm-Kalbach, LAZ"]
[Date "2009.05.11"]
[Round "3.72"]
[White "Schirmbeck, Markus"]
[Black "Grohmüller, Robert"]
[Result "1-0"]
[WhiteElo "1562"]
[BlackElo "1302"]
[PlyCount "96"]
[EventDate "2009.??.??"]
[WhiteTeam "SG Halle 1946/Künsebeck"]
[BlackTeam "FB Mörlenbach-Birkenau"]

1. e4 c5 2. Nf3 e6 3. d4 cxd4 4. Nxd4 Nc6 5. Nc3 Nf6 6. a3 a6 7. Be3 Be7 8. Be2
Qc7 9. O-O O-O 10. f4 b5 11. e5 Nxd4 12. Bxd4 Ne8 13. Bd3 Bb7 14. f5 exf5 15.
Rxf5 g6 16. Qg4 Ng7 17. Rf2 Ne6 18. b4 Nxd4 19. Qxd4 d5 20. Nxd5 Bxd5 21. Qxd5
Rad8 22. Qe4 Qc3 23. Rff1 Qc7 24. h4 Rfe8 25. Qf4 Bf8 26. h5 Rxe5 27. hxg6 Qa7+
28. Rf2 hxg6 29. Qxe5 Bg7 30. Qg5 Rxd3 31. cxd3 Bxa1 32. Kf1 Qd4 33. Qd2 Qh4
34. Qf4 Qxf4 35. Rxf4 Bb2 36. d4 Bxa3 37. d5 Bc1 38. Rf6 Bd2 39. Rxa6 Bxb4 40.
Rb6 Kf8 41. Rxb5 Bd6 42. Ke2 Ke7 43. Ke3 f6 44. Rb7+ Kd8 45. g4 Bc7 46. Ke4 Kd7
47. Ra7 Kd6 48. Ra6+ Kc5 1-0

[Event "Frankfurt Ch 2009"]
[Site "Ffm-Kalbach, LAZ"]
[Date "2009.05.11"]
[Round "3.73"]
[White "Leßmann, Sven"]
[Black "Schellen, Sven"]
[Result "0-1"]
[WhiteElo "1193"]
[BlackElo "1556"]
[PlyCount "86"]
[EventDate "2009.??.??"]
[WhiteTeam "SC Bad Soden"]
[BlackTeam "Sfr. Frankfurt 1921"]

1. d4 d5 2. c4 Nc6 3. Nf3 e5 4. cxd5 Qxd5 5. Nc3 Bb4 6. dxe5 Qxd1+ 7. Kxd1 Bf5
8. e3 O-O-O+ 9. Bd2 h6 10. Bc4 f6 11. e6 Nge7 12. Re1 Bg4 13. Kc2 Bxf3 14. gxf3
Ne5 15. Be2 Nf5 16. f4 Ng6 17. Rad1 Rhe8 18. Bh5 Ngh4 19. Bxe8 Rxe8 20. a3 Bxc3
21. Bxc3 Nf3 22. Rh1 Nd6 23. Rd5 Rxe6 24. Bb4 Ne4 25. Rhd1 c5 26. Bxc5 Nxh2 27.
Rd8+ Kc7 28. Bb4 Ng4 29. R8d7+ Kc6 30. R1d4 g5 31. Re7 Rxe7 32. Bxe7 Ngxf2 33.
Bb4 g4 34. Kb3 g3 35. Rc4+ Kd5 36. Rc1 h5 37. Rg1 h4 38. Be1 Nc5+ 39. Kc2 Ncd3
40. Bxf2 Nxf2 41. Kd2 h3 42. Rxg3 Ne4+ 43. Ke2 Nxg3+ 0-1

[Event "Frankfurt Ch 2009"]
[Site "Ffm-Kalbach, LAZ"]
[Date "2009.05.11"]
[Round "3.74"]
[White "Kletzerman, Simon"]
[Black "Hanka, Katrin"]
[Result "1-0"]
[WhiteElo "1544"]
[BlackElo "1269"]
[PlyCount "71"]
[EventDate "2009.??.??"]
[WhiteTeam "TuS Makkabi Ffm"]
[BlackTeam "Bad Vilbeler Sfr.1985"]

1. e4 e5 2. Nf3 Nc6 3. Bc4 Nf6 4. O-O d6 5. Nc3 Be7 6. d4 exd4 7. Nxd4 Ne5 8.
Bb3 O-O 9. f4 Ng6 10. Nf5 Be6 11. Nxe7+ Nxe7 12. f5 Bxb3 13. axb3 Re8 14. Bg5
Nc6 15. Rf3 Ne5 16. Rg3 c6 17. Bh6 g6 18. h4 Nh5 19. Qxh5 Kh8 20. Qe2 Qxh4 21.
Rh3 Qf6 22. Rf1 g5 23. Qh5 Rg8 24. Bxg5 Qg7 25. Bf6 Ng4 26. Bxg7+ Rxg7 27. f6
Nxf6 28. Rxf6 Rag8 29. Rf2 b5 30. Nd1 Re8 31. Rxf7 Reg8 32. Rf2 a5 33. Ne3 Rd7
34. Rf7 Rg7 35. Rxd7 Rxd7 36. Qe8+ 1-0

[Event "Frankfurt Ch 2009"]
[Site "Ffm-Kalbach, LAZ"]
[Date "2009.05.11"]
[Round "3.75"]
[White "Precht, Marten"]
[Black "Grunenberg, Sven"]
[Result "0-1"]
[WhiteElo "965"]
[BlackElo "1508"]
[PlyCount "64"]
[EventDate "2009.??.??"]
[WhiteTeam "SC 1933 Somborn"]
[BlackTeam "SC Bad Nauheim"]

1. e4 d6 2. Nf3 c5 3. Bc4 e6 4. Nc3 a6 5. a4 Nc6 6. d4 cxd4 7. Nxd4 Ne5 8. Bb3
Bd7 9. Bf4 Ng6 10. Bg3 Nf6 11. Nf3 Bc6 12. e5 Nh5 13. Nh4 Nxh4 14. Qxh5 Nxg2+
15. Kd2 dxe5+ 16. Ke2 Qf6 17. f3 g6 18. Bxe5 Nf4+ 19. Bxf4 Qxf4 20. Qh3 Bh6 21.
Ne4 Bxe4 22. fxe4 Qxe4+ 23. Kf2 Qd4+ 24. Ke2 Qd2+ 25. Kf1 Rd8 26. Re1 O-O 27.
a5 Qf4+ 28. Kg1 Rd2 29. Qg3 Qd4+ 30. Kf1 Rd8 31. c3 Qf6+ 32. Kg1 R8d3 0-1

[Event "Frankfurt Ch 2009"]
[Site "Ffm-Kalbach, LAZ"]
[Date "2009.05.11"]
[Round "3.76"]
[White "Herwig-Päutz, Martin"]
[Black "Fischler, Paul"]
[Result "0-1"]
[WhiteElo "1506"]
[BlackElo "1009"]
[PlyCount "132"]
[EventDate "2009.??.??"]
[WhiteTeam "SC Nidderau"]
[BlackTeam "Sfr.1891 Friedberg"]

1. e4 e5 2. Nf3 Nc6 3. Bb5 Qf6 4. d3 h6 5. Nc3 Bc5 6. Bd2 Nge7 7. Bxc6 dxc6 8.
O-O O-O 9. a3 Bd6 10. b4 a6 11. Qe2 Bd7 12. Na4 b6 13. Bc3 a5 14. Nb2 c5 15.
Nc4 Ng6 16. bxa5 Be7 17. Ncxe5 Nxe5 18. Bxe5 Qc6 19. axb6 Qxb6 20. Rab1 Qa7 21.
Rb3 Ba4 22. Rb2 Rfe8 23. h3 Bd7 24. Ra2 Be6 25. c4 c6 26. a4 f6 27. Bf4 Bf8 28.
h4 Bg4 29. Rb1 Rad8 30. Rb3 Qf7 31. Qb2 Qg6 32. Kf1 Qh5 33. Ke2 Qxh4 34. a5 Qh1
35. Rb8 Qxg2 36. Bxh6 Qxf3+ 37. Kd2 Qxd3+ 38. Kc1 Qxc4+ 39. Kb1 Qxe4+ 40. Ka1
Qh1+ 41. Bc1 Rxb8 42. Qc2 Ra8 43. a6 Re2 44. Qc4+ Kh8 45. Rxe2 Bxe2 46. Qxe2
Qxc1+ 47. Ka2 c4 48. Qh5+ Kg8 49. Qa5 Qc2+ 50. Ka1 Qc1+ 51. Ka2 c3 52. Qb6 Qa3+
53. Kb1 Rxa6 54. Qxa6 Qxa6 55. f4 Qb5+ 56. Kc2 Qb2+ 57. Kd3 Bb4 58. f5 Qb1+ 59.
Kd4 Qxf5 60. Ke3 Qc5+ 61. Ke4 Qd5+ 62. Ke3 c2 63. Kf2 c1=Q 64. Kg3 Qd3+ 65. Kf2
Qcd2+ 66. Kg1 Qb1# 0-1